Australia by Letter - P - Statistics

General Stats
  • This quiz has been taken 12 times
  • The average score is 7 of 10
Answer Stats
Hint Answer % Correct
Capital of Western Australia Perth
100%
Aquatic monotreme with a duck-like bill and webbed feet Platypus
83%
1994 film, "The Adventures of _________, Queen of the Desert" Priscilla
83%
Meringue dessert named after a ballerina, popular at Christmas lunches Pavlova
75%
Ringtail and brushtail are two species of this marsupial Possum
67%
What Australians usually call shrimp; also a Big Thing in Ballina, New South Wales Prawn
67%
Nickname of Penrith's National Rugby League (NRL) team Panthers
58%
The Melbourne Cup's most famous horse Phar Lap
58%
Type of fruit grown in Queensland; also a Big Thing on the Sunshine Coast Pineapple
58%
River that flows from Sydney Harbour towards a suburban city of the same name Parramatta
50%
No matching quizzes found
Score Distribution
Percent of People with Each Score
Percentile by Number Answered
Your Score History
You have not taken this quiz